LIBRARY & INFORMATION CENTRE, KCAET, TAVANUR

ONLINE PUBLIC ACCESS CATALOGUE (OPAC)

Internal combustion engines (Record no. 17560)

MARC details
000 -LEADER
fixed length control field 00342nam a22001577a 4500
003 - CONTROL NUMBER IDENTIFIER
control field OSt
008 - FIXED-LENGTH DATA ELEMENTS--GENERAL INFORMATION
fixed length control field 221020b |||||||| |||| 00| 0 eng d
041 ## - LANGUAGE CODE
Language code of text/sound track or separate title eng
082 ## - DEWEY DECIMAL CLASSIFICATION NUMBER
Classification number 621.43
Item number MAL/IN
100 ## - MAIN ENTRY--AUTHOR NAME
Personal name Maleev
245 ## - TITLE STATEMENT
Title Internal combustion engines
250 ## - EDITION STATEMENT
Edition statement 2nd
260 ## - PUBLICATION, DISTRIBUTION, ETC. (IMPRINT)
Name of publisher Mcgraw hill
Year of publication 1973
300 ## - PHYSICAL DESCRIPTION
Number of Pages 636
942 ## - ADDED ENTRY ELEMENTS (KOHA)
Koha item type Books
Holdings
Withdrawn status Lost status Damaged status Home library Current library Date acquired Full call number Accession Number Koha item type
      KAUAET KAUAET 20/10/2022 621.43 MAL/IN 16929 Books
free website counter